An American melodrama; (Record no. 8864)
[ view plain ]
| 000 -LEADER | |
|---|---|
| fixed length control field | 00824nam a2200265 4500 |
| 001 - CONTROL NUMBER | |
| control field | 3125384 |
| 003 - CONTROL NUMBER IDENTIFIER | |
| control field | OSt |
| 005 - DATE AND TIME OF LATEST TRANSACTION | |
| control field | 20250901165746.0 |
| 008 - FIXED-LENGTH DATA ELEMENTS--GENERAL INFORMATION | |
| fixed length control field | 690424s1969 nyu 001 0 eng |
| 010 ## - LIBRARY OF CONGRESS CONTROL NUMBER | |
| LC control number | 69013666 |
| 020 ## - INTERNATIONAL STANDARD BOOK NUMBER | |
| International Standard Book Number | 0670119911 |
| 040 ## - CATALOGING SOURCE | |
| Original cataloging agency | DLC |
| Transcribing agency | DLC |
| Modifying agency | DLC |
| 050 00 - LIBRARY OF CONGRESS CALL NUMBER | |
| Classification number | E 851 .C45 1968 |
| Item number | .C45 |
| 082 00 - DEWEY DECIMAL CLASSIFICATION NUMBER | |
| Classification number | 329/.023/0973 |
| 100 1# - MAIN ENTRY--PERSONAL NAME | |
| Personal name | Chester, Lewis. |
| 245 13 - TITLE STATEMENT | |
| Title | An American melodrama; |
| Remainder of title | the presidential campaign of 1968 |
| Statement of responsibility, etc. | [by] Lewis Chester, Godfrey Hodgson [and] Bruce Page. |
| 260 ## - PUBLICATION, DISTRIBUTION, ETC. | |
| Place of publication, distribution, etc. | New York, |
| Name of publisher, distributor, etc. | Viking Press |
| Date of publication, distribution, etc. | [1969] |
| 300 ## - PHYSICAL DESCRIPTION | |
| Extent | xv, 814 p. |
| Dimensions | 25 cm. |
| 350 ## - PRICE (NR) (BK AM CF MU VM SE) [OBSOLETE] | |
| Price | 10.00 |
| 650 #0 - SUBJECT ADDED ENTRY--TOPICAL TERM | |
| Topical term or geographic name entry element | Presidents |
| Geographic subdivision | United States |
| General subdivision | Election |
| Chronological subdivision | 1968. |
| 700 1# - ADDED ENTRY--PERSONAL NAME | |
| Personal name | Hodgson, Godfrey, |
| Relator term | joint author. |
| 700 1# - ADDED ENTRY--PERSONAL NAME | |
| Personal name | Page, Bruce, |
| Relator term | joint author. |
| 906 ## - LOCAL DATA ELEMENT F, LDF (RLIN) | |
| a | 7 |
| b | cbc |
| c | orignew |
| d | u |
| e | ncip |
| f | 19 |
| g | y-gencatlg |
| 942 ## - ADDED ENTRY ELEMENTS (KOHA) | |
| Source of classification or shelving scheme | Library of Congress Classification |
| Koha item type | Books |
| Withdrawn status | Lost status | Source of classification or shelving scheme | Damaged status | Not for loan | Home library | Current library | Shelving location | Date acquired | Total checkouts | Full call number | Barcode | Date last seen | Price effective from | Koha item type |
|---|---|---|---|---|---|---|---|---|---|---|---|---|---|---|
| Library of Congress Classification | Main Library | Main Library | 10/11/2024 | E 851 .C45 1968 | PIU0010807 | 10/11/2024 | 10/11/2024 | Books | ||||||
| Library of Congress Classification | Main Library | Main Library | 10/11/2024 | E 851 .C45 1968 | PIU0004786 | 03/24/2025 | 10/11/2024 | Books |